000 01062nam a2200241 a 4500
005 20160206153321.0
008 141017s2011 ck a gr 00010 spa d
020 _a9789588555119
040 _aCO-BoBLA
_cCO-BoBLA
_dCO-BOIAvH
041 _aspa
044 _ack
082 0 4 _a590.986
_bA84m
100 1 _aAsprilla Perea, Jeferson
245 1 0 _aManejo tradicional de fauna silvestre en comunidades negras del Pacíffico norte colombiano /
_cJeferson Asprilla Perea, Leidy Indira Hinestroza Córdoba.
260 _aQuibdó :
_bUniversidad Tecnológica del Chocó "Diego Luis Córdoba",
_c2011.
300 _a89 páginas :
_bilustraciones ;
_c24 cm.
504 _aIncluye referencias bibliográficas (páginas 85-89)
650 1 4 _aFauna silvestre
_z Pacífico (Región, Colombia)
650 2 4 _aConsumo de fauna silvestre
_z Pacífico (Región, Colombia)
650 2 4 _aRecuperación de la fauna silvestre
_z Pacífico (Región, Colombia)
700 1 _aHinestroza Córdoba, Leidy Indira,
_eautora.
942 _2ddc
_cLIBRO
999 _c17886
_d17886